Бухгалтерская (финансовая) отчетность: учебник

Detalles Bibliográficos
Outros autores: Новодворский В. Д. Владимир Дмитриевич, Ефимова О. В., Клинов Н. Н.
Summary:Авт. указаны на 12-й с.
Исключено из фонда НТБ ТПУ
Idioma:ruso
Publicado: Москва, Омега-Л, 2009
Series:Высшее финансовое образование
Formato: Libro
KOHA link:https://koha.lib.tpu.ru/cgi-bin/koha/opac-detail.pl?biblionumber=154370

MARC

LEADER 00000nam0a2200000 4500
001 154370
005 20231031151845.0
010 |a 9785370006432  |b (в пер.)  |b 3000 экз. 
021 |a RU  |b 08-81786  |9 08-4755 
035 |a (RuTPU)RU\TPU\book\167444 
090 |a 154370 
100 |a 20081119d2009 m y0rusy5002 ca 
101 0 |a rus 
102 |a RU 
105 |a y j 001zy 
200 1 |a Бухгалтерская (финансовая) отчетность  |e учебник  |f В. Д. Новодворский, О. В. Ефимова, Н. Н. Клинов и др.]  |g под ред. В. Д. Новодворского 
210 |a Москва  |c Омега-Л  |d 2009 
215 |a 608 с. 
225 1 |a Высшее финансовое образование 
300 |a Авт. указаны на 12-й с. 
320 |a Библиогр.: с. 607-608. 
333 |a Исключено из фонда НТБ ТПУ 
701 1 |a Новодворский  |b В. Д.  |g Владимир Дмитриевич  |4 070 
701 1 |a Ефимова  |b О. В.  |4 070 
701 1 |a Клинов  |b Н. Н.  |4 070 
801 1 |a RU  |b 63413507  |c 20090225  |g PSBO 
801 2 |a RU  |b 63413507  |c 20160120  |g PSBO 
942 |c BK 
959 |a 30/20090218  |d 2  |e 428,67  |f ЧЗГЛ:1  |f АНЛ:1